Vainqueurs du championnat de Suisse de hockey - Statistiques

Statistiques générales
  • Ce quiz a été pris 45 fois
    9 depuis la dernière actualisation
  • Le résultat moyen est 20 sur 22
Statistiques - réponses
ans Champions % Correct
1959, 1965, 1974, 1975, 1977, 1979, 1989, 1991, 1992, 1997, 2004, 2010, 2013, 2016, 2017, 2019 CP Berne
100%
1911 CP Lausanne
100%
1986, 1987, 1988, 1990, 1999, 2003, 2006 HC Lugano
100%
1967, 1993, 1994, 1995, 1996 EHC Kloten
100%
1922, 1923, 1928 EHC Saint-Moritz
100%
1998, 2021, 2022 EV Zoug
100%
2026 Fribourg-Gottéron
100%
2023 Genève-Servette HC
100%
1909, 1919, 1920 HC Bellerive Vevey
100%
1916, 1917, 1918 HC Berne
100%
1978, 1981, 1983 HC Bienne
100%
1926, 1927, 1929, 1930, 1931, 1932, 1933, 1934, 1935, 1937, 1938, 1939, 1941, 1942, 1943, 1944, 1945, 1946, 1947, 1948, 1950, 1958, 1960, 1984, 1985, 2002, 2005, 2007, 2009, 2011, 2015 HC Davos
100%
1968, 1969, 1970, 1971, 1972, 1973 HC La-Chaux-de-Fonds
100%
1910 HC La Villa Lausanne
100%
1976 SCL Tigers / SC Langnau
100%
1963, 1964 Villars HC
100%
1936, 1949, 1961, 2000, 2001, 2008, 2012, 2014, 2018, 2024, 2025 ZSC-Lions / Zürcher SC
100%
1951, 1952, 1953, 1954, 1955, 1956, 1957, 1980, 1982 EHC Arosa
67%
1912, 1913 HC Les Avants
67%
1921, 1924, 1925 HC Rosey Gstaad
67%
1962 HC Viège
67%
1966 GCK-Lions / Grasshopper
33%
Aucun quiz correspondant
Distribution des résultats
% des personnes avec chaque résultat
Percentile par nombre de réponses
Votre historique - résultats
Vous n’avez pas pris ce quiz depuis la dernière actualisation